NAQT Literature - Short Story Authors - Statistics

General Stats
  • This quiz has been taken 33 times
  • The average score is 5 of 9
Answer Stats
Hint Answer % Correct
The Cask of Amontillado | The Fall of the House of Usher | The Pit and the Pendulum Edgar Allen Poe
90%
Cabbages and Kings | The Four Million (collection) | The Gift of the Magi | The Ransom of Red Chief O. Henry
75%
Big Two-Hearted River | The Snows of Kilimanjaro | Hills Like White Elephants Ernest Hemingway
65%
The Lottery Shirley Jackson
60%
The Necklace | Boule de Suif Guy de Maupassant
55%
A Good Man is Hard to Find | Good Country People | Everything That Rises Must Converge Flannery O'Connor
50%
The Aleph | The Library of Babel | The Garden of Forking Paths Jorge Luis Borges
45%
The Sound of Thunder | There Will Come Soft Rains Ray Bradbury
40%
The Minister's Black Veil | Dr. Heidegger's Experiment | Rappacini's Daughter Nathaniel Hawthorne
35%
No matching quizzes found
Score Distribution
Percent of People with Each Score
Percentile by Number Answered
Your Score History
You have not taken this quiz